000 00516nam a2200181Ia 4500
003 GCL
008 140319s9999 xx 000 0 ara d
040 _aGCL /
_cGCL
082 0 4 _a219
_bع ا
100 1 _aعبدالرازق نوفل
245 1 0 _aاسلامنا بين التصديق والتطبيق /
_cعبدالرازق نوفل
260 _a[S.N] :
_bكنوز الانتاج الاعلامى
300 _a145 ص
490 _a
650 0 4 _aالاسلام
650 0 4 _aعبادات
942 _2ddc
_cBK
999 _c37617
_d37617